Camere e corridoi /

Enregistré dans:
Détails bibliographiques
Autres auteurs: Troche, Rose, McKidd, Kevin, Troche, Alfredo D., Macpherson, Ian (compositore)
Format: Diapositive
Langue:italien
Publié: [Italia] : Lucky red, 1999
Tags: Ajouter un tag
Pas de tags, Soyez le premier à ajouter un tag!

MARC

LEADER 00000ngm a22000007i 4500
001 IT\ICCU\UBO\1274519
003 ItRI
005 20260124182846.0
008 010430s1999 it |||||||||||||||k|||||c
040 |b ita 
041 7 |a ita  |2 ISO-639-2 
130 0 |a Bedrooms and hallways <film ; 1999>  |3 IT\ICCU\UBO\1274531 
245 0 0 |a Camere e corridoi /  |c regia di Rose Troche ; musica composta e arrangiata da Alfredo D. Troche e Ian Macpherson. 
260 |a [Italia] :  |b Lucky red,  |c 1999 
300 |a 1 videocassetta (VHS) (ca. 98 min.) :  |b color. (PAL), son 
500 |a Interpreti: Kevin McKidd ... [et al.] 
500 |a Produttore: Ceci Dempsey 
500 |a Ripr. del film del 1997 
500 |a Descrizione basata sul contenitore. 
700 1 |a Troche, Rose  |0 IT\ICCU\UBOV\491268 
700 1 |a McKidd, Kevin  |0 IT\ICCU\UBOV\493593 
700 1 |a Troche, Alfredo D.  |0 IT\ICCU\UBOV\493596 
700 1 |a Macpherson, Ian  |c  (compositore)  |0 IT\ICCU\UBOV\493597 
942 |2 ddc  |c VM  |n 0 
952 |0 0  |1 0  |4 0  |6 VO_633_000000000000000  |7 0  |9 27126  |a BO  |b BO  |d 2026-01-24  |i 7213  |l 0  |o VO 633  |p BO7213  |r 2026-01-24 18:28:46  |w 2026-01-24  |x [Sebina 5] [1 videocassetta]  |y VM  |z 1 videocassetta 
999 |c 22960  |d 22960